[Event "Foment Martinenc op-A 17th"]
[Site "Barcelona"]
[Date "2015.05.09"]
[Round "3"]
[White "Gisbert Mir, Alejandro"]
[Black "Bielecki, Pawel"]
[Result "1/2-1/2"]
[WhiteElo "1701"]
[BlackElo "2010"]
[PlyCount "42"]
[EventDate "2015.04.25"]
[EventType "swiss"]
[EventRounds "9"]
[EventCountry "ESP"]
[SourceTitle "EXT 2017"]
[Source "ChessBase"]
[SourceDate "2016.10.25"]
[SourceVersion "1"]
[SourceVersionDate "2016.10.25"]
[SourceQuality "1"]

1. d4 Nf6 2. c4 g6 3. Nc3 d5 4. Nf3 Bg7 5. Qb3 dxc4 6. Qxc4 0-0 7. e4 Nc6 8. Be2 Bg4 9. Be3 e5 10. d5 Bxf3 11. gxf3 Nd4 12. Nb5 c6 13. dxc6 Nxc6 14. Bc5 Re8 15. Rd1 Qc8 16. Nd6 Qh3 17. Nxf7 Qe6 18. Qxe6 Rxe6 19. Ng5 Ree8 20. Bc4+ Kh8 21. Nf7+ Kg8 1/2-1/2